Gaming Quiz

Random Gaming Quiz

Street Fighter Alpha Characters (Audio) Quiz Stats

 Plays Quiz not verified by Sporcle

Challenge
Share
Tweet
Score 0/13 Timer 05:00
0 Plays Today
Time Character % Correct
0:00Ken
100%
0:40Ryu
86.9%
1:00Sagat
81%
0:20Rose
78.6%
0:10Adon
76.2%
1:30M. Bison
76.2%
1:40Akuma
72.6%
1:50Dan
72.6%
0:30Sodom
71.4%
2:00Guy
71.4%
1:20Charlie
69%
0:50Birdie
65.5%
1:10Chun Li
63.1%

You're not logged in!

Compare scores with friends on all Sporcle quizzes.
OR
Log In

You Might Also Like...

Show Comments

Extras

Top Quizzes Today


Score Distribution

Your Account Isn't Verified!

In order to create a playlist on Sporcle, you need to verify the email address you used during registration. Go to your Sporcle Settings to finish the process.

Report this User

Report this user for behavior that violates our Community Guidelines.

Details: